Nuôi vịt ở miền Nam Việt Nam

Saved in:
Bibliographic Details
Main Author: Trần Thế Thông
Format: Book
Language:Undetermined
Published: Hà Nội Nông Nghiệp 1982
Subjects:
Tags: Add Tag
No Tags, Be the first to tag this record!
Institutions: Trung tâm Học liệu Trường Đại học Cần Thơ
LEADER 00540nam a2200169Ia 4500
001 CTU_14237
008 210402s9999 xx 000 0 und d
082 |a 636.5 
082 |b Th455n 
100 |a Trần Thế Thông 
245 0 |a Nuôi vịt ở miền Nam Việt Nam 
245 0 |c Trần Thế Thông, Hồ Văn Giá, Lê Xuân Đồng 
260 |a Hà Nội 
260 |b Nông Nghiệp 
260 |c 1982 
650 |a ducks,poultry - breeding 
980 |a Trung tâm Học liệu Trường Đại học Cần Thơ